[Event "Reykjavik op"]
[Site "Reykjavik"]
[Date "2023.04.04"]
[Round "9"]
[White "Andersson, Christer"]
[Black "Jansen, Jesper Billeskov"]
[Result "0-1"]
[WhiteElo "1659"]
[BlackElo "1928"]
[PlyCount "44"]
[EventDate "2023.03.29"]
[EventType "swiss"]
[EventRounds "9"]
[EventCountry "ISL"]
[SourceTitle "EXT 2024"]
[Source "ChessBase"]
[SourceDate "2023.10.10"]
[SourceVersion "1"]
[SourceVersionDate "2023.10.10"]
[SourceQuality "1"]

1. d4 Nf6 2. Nf3 g6 3. c3 Bg7 4. Nbd2 d5 5. e3 0-0 6. Bd3 Nbd7 7. 0-0 Re8 8. h3 c5 9. Re1 e5 10. dxe5 Nxe5 11. Bc2 Bd7 12. Rb1 Bc6 13. Nxe5 Rxe5 14. Nf3 Re8 15. Bd2 Ne4 16. Nh2 Qh4 17. Bxe4 dxe4 18. Qg4 Qe7 19. Qe2 Rad8 20. Rbd1 Rd3 21. Bc1 c4 22. Qc2 Red8 0-1

[Event "Reykjavik op"]
[Site "Reykjavik"]
[Date "2023.04.01"]
[Round "5"]
[White "Pandey, Srishti"]
[Black "Jansen, Jesper Billeskov"]
[Result "1-0"]
[WhiteElo "2156"]
[BlackElo "1928"]
[PlyCount "83"]
[EventDate "2023.03.29"]
[EventType "swiss"]
[EventRounds "9"]
[EventCountry "ISL"]
[SourceTitle "CBM 213 Extra"]
[Source "ChessBase"]
[SourceDate "2023.05.31"]
[SourceVersion "1"]
[SourceVersionDate "2023.05.31"]
[SourceQuality "1"]

1. e4 c5 2. Nf3 d6 3. d4 cxd4 4. Nxd4 Nf6 5. Nc3 a6 6. f3 e5 7. Nb3 Be6 8. Be3 Be7 9. Qd2 0-0 10. 0-0-0 a5 11. Bb5 Na6 12. Qe2 Qb8 13. Na4 Bd8 14. Kb1 Bd7 15. Nb6 Bxb6 16. Bxb6 a4 17. Nc1 Rc8 18. Rd2 Nc5 19. Bxc5 Rxc5 20. Bxd7 Nxd7 21. Rhd1 Rc6 22. Nd3 a3 23. b3 Rb6 24. Qe3 Qc7 25. c4 h6 26. h4 Raa6 27. Rc2 Kf8 28. g4 Nc5 29. Nxc5 dxc5 30. Rd5 Rd6 31. Rxc5 Rd1+ 32. Rc1 Qd6 33. Rd5 Rxd5 34. cxd5 Ra8 35. Qc5 Rd8 36. b4 b6 37. Qxd6+ Rxd6 38. Rc6 Ke7 39. Rxd6 Kxd6 40. Kc2 g6 41. Kb3 f5 42. h5 1-0

[Event "Reykjavik op"]
[Site "Reykjavik"]
[Date "2023.03.30"]
[Round "2"]
[White "Jansen, Jesper Billeskov"]
[Black "Bryant, Harry"]
[Result "1-0"]
[WhiteElo "1928"]
[BlackElo "1652"]
[PlyCount "92"]
[EventDate "2023.03.29"]
[EventType "swiss"]
[EventRounds "9"]
[EventCountry "ISL"]
[SourceTitle "CBM 213 Extra"]
[Source "ChessBase"]
[SourceDate "2023.05.31"]
[SourceVersion "1"]
[SourceVersionDate "2023.05.31"]
[SourceQuality "1"]

1. e4 c5 2. Nf3 Nc6 3. d4 cxd4 4. c3 Nf6 5. e5 Nd5 6. cxd4 d6 7. Bc4 dxe5 8. dxe5 Ndb4 9. Qe2 Bf5 10. 0-0 e6 11. Bg5 Be7 12. Bxe7 Qxe7 13. Nc3 0-0-0 14. Rfd1 Rxd1+ 15. Rxd1 Rd8 16. a3 Rxd1+ 17. Qxd1 Qc5 18. Nb5 Na6 19. b4 Qe7 20. Nd6+ Kb8 21. b5 Na5 22. bxa6 Qc7 23. Qa4 Nc6 24. axb7 Qb6 25. Qb5 f6 26. Qxb6 axb6 27. Nxf5 exf5 28. exf6 gxf6 29. Kf1 Ne7 30. Ke2 Kxb7 31. Nd4 Kc7 32. Ke3 Kd6 33. Bd3 Nd5+ 34. Kd2 f4 35. Bxh7 Ke5 36. Nf3+ Kd6 37. Be4 Nc7 38. Kd3 Ne6 39. Kc4 Nc7 40. a4 Ne8 41. Kd4 Nc7 42. h4 Ne6+ 43. Kc4 Nc7 44. Bg6 Ne6 45. h5 Nf8 46. Bf5 Ke7 1-0

[Event "Reykjavik op"]
[Site "Reykjavik"]
[Date "2023.03.29"]
[Round "1"]
[White "Vander Zwalmen, Miranda"]
[Black "Jansen, Jesper Billeskov"]
[Result "1/2-1/2"]
[WhiteElo "1625"]
[BlackElo "1928"]
[PlyCount "39"]
[EventDate "2023.03.29"]
[EventType "swiss"]
[EventRounds "9"]
[EventCountry "ISL"]
[SourceTitle "CBM 213 Extra"]
[Source "ChessBase"]
[SourceDate "2023.05.31"]
[SourceVersion "1"]
[SourceVersionDate "2023.05.31"]
[SourceQuality "1"]

1. e4 c5 2. Nc3 Nc6 3. g3 g6 4. Bg2 Bg7 5. d3 d6 6. Nge2 e6 7. 0-0 Rb8 8. Bd2 Nge7 9. Qc1 h5 10. h4 b5 11. Rb1 b4 12. Nd1 a5 13. b3 Ba6 14. Nb2 Ne5 15. Bg5 Qc7 16. Qf4 0-0 17. Bh6 Ng4 18. Bxg7 Kxg7 19. Nc4 Ne5 20. Rbd1 1/2-1/2

[Event "Esbjerg 100 Years Weekend"]
[Site "Esbjerg"]
[Date "2022.10.21"]
[Round "3"]
[White "Easwaralingam, Adesh"]
[Black "Jansen, Jesper Billeskov"]
[Result "1-0"]
[WhiteElo "2161"]
[BlackElo "1906"]
[PlyCount "87"]
[EventDate "2022.10.21"]
[EventType "swiss"]
[EventRounds "7"]
[EventCountry "DEN"]
[SourceTitle "EXT 2024"]
[Source "ChessBase"]
[SourceDate "2023.10.10"]
[SourceVersion "1"]
[SourceVersionDate "2023.10.10"]
[SourceQuality "1"]

1. e4 c5 2. Nf3 d6 3. Bb5+ Nc6 4. 0-0 Bd7 5. Re1 a6 6. Bc4 b5 7. Bf1 Bg4 8. c3 e6 9. d4 cxd4 10. cxd4 Bxf3 11. gxf3 Be7 12. Be3 Nf6 13. a4 b4 14. Nd2 0-0 15. Rc1 Na5 16. Bd3 d5 17. Qc2 Rc8 18. Qb1 h6 19. Bxa6 Rxc1 20. Rxc1 Qb6 21. Bb5 Rd8 22. Qc2 Ne8 23. e5 f5 24. f4 g5 25. Nf3 b3 26. Qd3 g4 27. Nd2 Qb7 28. h3 gxh3 29. Kh2 Kh7 30. Nxb3 Nxb3 31. Qxb3 Nc7 32. Qd3 Rb8 33. Bd2 Nxb5 34. Qxb5 Qxb5 35. axb5 Rxb5 36. Rc7 Rxb2 37. Rxe7+ Kg6 38. Be3 Kh5 39. Rxe6 Kg4 40. Rg6+ Kf3 41. Rxh6 Rb1 42. Rxh3+ Ke4 43. Rh6 Re1 44. e6 1-0